Raw styrene-butadiene rubber (SBR)- determination of soap content (Record no. 74065)

MARC details
000 -LEADER
fixed length control field 00396nam a2200121Ia 4500
245 #0 - TITLE STATEMENT
Title Raw styrene-butadiene rubber (SBR)- determination of soap content
260 ## - PUBLICATION, DISTRIBUTION, ETC. (IMPRINT)
Place of publication Switzerland
260 ## - PUBLICATION, DISTRIBUTION, ETC. (IMPRINT)
Year of publication 1975
Name of publisher International Organisation for Standards
500 ## - GENERAL NOTE
General note Standard number: ISO 2003
650 ## - SUBJECT ADDED ENTRY--TOPICAL TERM
Topical Term Styrene butadiene rubber-soap content
942 ## - ADDED ENTRY ELEMENTS (KOHA)
Koha item type Standards
Holdings
Withdrawn status Lost status Damaged status Not for loan Home library Current library Date acquired Koha item type
      Standards RRII Library RRII Library 31/12/2021 Standards